000 00438nam a2200181Ia 4500
005 20250603144816.0
008 250603s9999 xx 000 0 und d
020 _a9789352695713
050 _aD 643.A7 .S56/
100 _aDr. Arimardan Singh
245 0 _aDiplomacy and international relations
260 _aNew Delhi
260 _bRandom Publications
260 _c2020
300 _a330 p
650 _aNew Delhi
942 _cBK
999 _c40012
_d40012